Biggest towns of Angus - Statistics

General Stats
  • This quiz has been taken 63 times
  • The average score is 6 of 10
Answer Stats
Population Town % Correct
23,500 Arbroath
98%
11,650 Montrose
95%
13,950 Forfar
93%
7,180 Brechin
84%
11,250 Carnoustie
77%
6,010 Kirriemuir
64%
9,110 Monifieth
55%
1,670 Letham
16%
1,980 Birkhill
7%
1,780 Liff
5%
No matching quizzes found
Score Distribution
Percent of People with Each Score
Percentile by Number Answered
Your Score History
You have not taken this quiz